000 00506nam a2200181Ia 4500
008 090122s9999 xx 000 0 und d
082 _b13757
_a423
100 _aANSLEY
_bCLARK
_cF\
245 _aTHE COLUMBIA ENCYCLOPEDIA IN ONE VOLUME
260 _bCOLUMBIA UNIVERSITY PRESS YORK
_c1942
300 _a1949/48
501 _aDONATION
600 _aANSLEY
630 _aTHE COLUMBIA ENCYCLOPEDIA IN ONE VOLUME
700 _aANSLEY
730 _aTHE COLUMBIA ENCYCLOPEDIA IN ONE VOLUME
942 _cBOOK
999 _c37834
_d37834